00785nam a22001097a 4500040000800000082002700008100005200035245051800087260002600605300002300631856002100654 cRUA aANS CHH 2018 B648 Or.1 aCHHOEURN SOYTRY ឈឿន សូយទ្រី acomparation between CP concentrate and home made on fattenning pig at Mrs soeurng sokkhy farm kandalsteong district kandal province ការប្រៀបធៀបចំណីសម្រេចរបស់ក្រុម​ហ៊ុនCPនិង​ចំណីផ្សំលើការលូតលាស់របស់ជ្រូកសាច់នៅកសិដ្ឋានអ្នកស្រី សឿន សុខឃី ស្រុកកណ្តាលស្ទឹង ខេត្តកណ្តាល aRUAbPhnom penhc2018 axi;39pbill;c29cm u CHHOEURN SOYTRY